000 00702nam a2200265Ia 4500
005 20260302114752.0
008 008 260114s9999 xx 000 0 eng d
020 _a9781350168275
037 _aTextbook
040 _aCRL
040 _beng
040 _cCRL
041 _2eng
041 _aeng
084 _qCRL
100 _aMarion Sherwood and Rosalind Boyce
_91119703
245 0 _aLetters and Lives of the Tennyson Women
260 _bBloomsbury
260 _bBloomsbury Academic
260 _c2022
650 _aLiterary Studies
856 _uhttps://doi.org/10.5040/9781350168275?locatt=label:secondary_bloomsburyCollections
942 _cEBOOK
999 _c1683769
_d1683769